000 00761nam a22002411 4500
001 26443
003 BD-RjUL
005 20211209051023.0
008 140322s1968 bg 000 0aeng d
035 _a(BD-RjUL)26511
040 _aDLC
_cDLC
_dDLC
_dBD-RjUL
_beng
041 _aeng
082 0 0 _a954.9220924
_bABA 1968
100 0 _aAbdul Latif,
_d1828-1893.
_981304
245 1 0 _aAutobiography and other writings of Nawab Abdul Latif Khan Bahadur /
_cAbdul Latif; edited by Md. Mohar Ali.
260 _aChittagong :
_bMehrub Publications,
_c1968.
300 _avii, 156 p. ;
_c22 cm.
600 0 0 _aAbdul Latif,
_d1828-1893.
_981332
700 1 _aAli, Md. Mohar,
_eed.
_981306
942 _2ddc
_cBK
_01
999 _c26443
_d26443